Pesquisa sobre burocratas de médio escalão do governo federal : (Record no. 1543)

MARC details
000 -LÍDER
Campo Fixo de Controle 00847nam a2200253 a 4500
001 - NÚMERO DE CONTROLE
Campo de Controle 1543
003 - IDENTIFICAÇÃO DO NÚMERO DE CONTROLE
Campo de Controle BR-CuiBMT
005 - DATA E HORA DA ÚLTIMA ATUALIZAÇÃO
Campo de Controle 20231214220731.0
008 - DADOS FIXOS
Dados Fixos 231213s2014 dfba 000 0 por d
040 ## - AGÊNCIA CATALOGADORA
Código da Agência Catalogadora BR-CuiBMT
Agência que transcreveu o registro BR-CuiBMT
080 ## - Nº DA CLASSIFICAÇÃO DECIMAL UNIVERSAL
Nº Class. CDU 35-047.37
Nº edição CDU 2007
090 ## - NÚMERO DE CHAMADA
Nº classificação 35-047.37
Cutter P474
245 00 - TÍTULO PRINCIPAL
Título principal Pesquisa sobre burocratas de médio escalão do governo federal :
Subtítulo resultados do survey /
Indicação de responsabilidade [autores Alessandro de Oliveira Gouveia Freire ... et al.].
260 ## - PUBLICAÇÃO, DISTRIBUIÇÃO, ETC.
Local de publicação Brasília :
Editora ENAP ;
Data 2014.
300 ## - DESCRIÇÃO FÍSICA
N. páginas ou volumes 102 p. :
Ilustrações il. ;
Dimensões 30 cm
490 1# - INDICAÇÃO DE SÉRIE
Título da série Cadernos ENAP ;
Volume/designação sequencial da série 39
504 ## - NOTA DE BIBLIOGRAFIA, ETC.
Nota de bibliografia Inclui bibliografia.
650 ## - ASSUNTO TÓPICO
Cabeçalho tópico ou nome geográfico Administração pública
Subdivisão geral Gestão
650 ## - ASSUNTO TÓPICO
Cabeçalho tópico ou nome geográfico Perfil profissional
650 ## - ASSUNTO TÓPICO
Cabeçalho tópico ou nome geográfico Agente público
700 1# - ENTRADA SECUNDÁRIA -- NOME PESSOAL
Nome pessoal Freire, Alessandro de Oliveira Gouveia
Termo de relação et al.
Cód. do termo explicativo autores
830 ## - ENTRADA SECUNDÁRIA DE SÉRIE -- TÍTULO UNIFORME
Título uniforme Cadernos ENAP ;
Nº do volume/designação sequencial da série 39
942 ## - ELEMENTOS DE ENTRADA ADICIONAIS (KOHA)
Fonte de classificação ou esquema de arquivamento Classificação Decimal Universal
Tipo de item do Koha Livros
Holdings
Estado: removido Estado: perdido Fonte de classificação ou esquema de arquivamento Estado: danificado Indisponível para empréstimo Localização permanente Localização atual Data de aquisição Total Checkouts Número de Chamada completo Código de barras Date last seen Número do exemplar Preço efetivo a partir de Tipo de item (Koha)
    Classificação Decimal Universal     Biblioteca da Escola Superior de Contas do TCE/MT Biblioteca da Escola Superior de Contas do TCE/MT 14/12/2023   35-047.37 P474 BIBTCEMT23120519 14/12/2023 Ex. 1 14/12/2023 Livros

Powered by Koha